Information theory : and its engineering applications /
Guardado en:
| Autor Principal: | |
|---|---|
| Formato: | Libro |
| Idioma: | English |
| Publicado: |
London :
Sir Isaac Pitman & Sons,
1962.
|
| Edición: | 3rd ed. |
| Etiquetas: |
Agregar Etiqueta
Sin Etiquetas, Sea el primero en etiquetar este registro!
|
| LEADER | 00531nam a22001695a 4500 | ||
|---|---|---|---|
| 001 | MAT.inmabb001420 | ||
| 008 | 031124s1962####enk###########000#0#eng#d | ||
| 005 | 20130401101427.0 | ||
| 245 | 1 | 0 | |a Information theory : |b and its engineering applications / |c by D. A. Bell. |
| 250 | |a 3rd ed. | ||
| 260 | |a London : |b Sir Isaac Pitman & Sons, |c 1962. | ||
| 300 | |a viii, 196 p. ; |c 23 cm. | ||
| 510 | 4 | |a MR, |c 26 #3534 | |
| 100 | 1 | |a Bell, David Arthur. | |
| 084 | |a 94Axx (94Bxx) |2 msc2000 | ||
| 010 | |a 62052781 | ||
| 859 | |h 94 |i B433 |p A-1683 |b BIB. MATEMATICA | ||
